| 000 | 00333nam a22001337a 4500 | ||
|---|---|---|---|
| 020 | _a978-93-80644-03-5 | ||
| 082 |
_a500 _bSIN/M |
||
| 100 | _aJP SINGHAL | ||
| 245 |
_aACADEMIC MAP WORK IN SOCIAL SCIENCE _bCLASS IX |
||
| 260 |
_aDELHI _bAMANDA IMPRINT |
||
| 300 | _a132 | ||
| 650 |
_aSOCIAL SCIENCE MAP FOR CLASS IX _zINDIA |
||
| 942 | _cBK | ||
| 999 |
_c940 _d940 |
||